000 00857nas a2200265 4500
001 BR9901764
003 BR-BrBNA
005 20231205101333.0
007 ta
008 230509b bl.|||p| |||| 00| 00por d
040 _aBR-BrBNA
_bpor
_cBiblioteca Nacional de Agricultura
041 _a(Pt)
072 _aF30
100 1 _aSilva Filho, D.F. da
100 1 _aAnunciacao Filho, C.J. da
100 1 _aNoda, H.
245 1 _aEstimativas de herdabilidades e correlacoes entre caracteres em populacoes de cubiu (Solanum sessiliflorum Dunal)da Amazonia
650 _aCubiu
650 _aMelhoramento Genetico Vegetal
650 _aGermoplasma
650 _aAmazonia
773 0 _tRevista Brasileira de Fruticultura (Brazil)
_xISSN 0100-2945
_g(1998), v. 20(1) p. 60-67
_wBR9901764
909 _a202311
_bLúcia
_c55
_dLúcia Elande
942 _2AGRIS
_n0
_cANA
999 _c161218
_d161218